000 00970nam0a22002171 4500
001 rc\354994
005 20250621043313.0
035 _a(NLR Aleph) 005575224
090 _a6054000
_c6054000
100 _a20030307d1989 |||y0rusy50 ca
101 0 _arus
102 _aRU
105 _aa |||||||||
200 1 _aНотные издания в фондах Государственной библиотеки СССР имени В.И. Ленина. Памятники музыкального искусства
_eИностр. нот. изд. XVI - нач. XIX вв.
_eОтдельно изд. произведения композиторов
_e[6] Tag - Zumsteeg
_eКаталог
_eДоп. к вып.
_f...Отд. нот. изд. и звукозаписей
_g[Сост. Ш.С. Барим]
210 _aМ.
_cГБЛ
_d1989
215 _a134 с.
_cил.
_d22
801 0 _aRU
_bNLR
_gpsbo
801 1 _aRU
_bELAR
_2rusmarc
852 _aNLR
_bС
_jК-2/462
942 _cBOOK
980 _aNB